Recuerdo muy bien: autobiografías
Saved in:
| 主要作者: | |
|---|---|
| 格式: | 圖書 |
| 語言: | 西班牙语 |
| 出版: |
Madrid
Libertarias
1991
|
| 叢編: | Biblioteca libertarias, 2
|
| 主題: | |
| 標簽: |
添加標簽
沒有標簽, 成為第一個標記此記錄!
|
MARC
| LEADER | 00000nam a2200000 a 4500 | ||
|---|---|---|---|
| 001 | UCY1522 | ||
| 003 | CL-VaPUC | ||
| 008 | 940906e19910000SP |||||||||||||||||spa|d | ||
| 082 | 0 | 4 | |a 791.4309 |b MIN |2 21 |
| 100 | |a Minnelli, Vincente |e autor |9 329535 | ||
| 245 | 1 | 0 | |a Recuerdo muy bien: autobiografías |
| 300 | |a 598 p | ||
| 942 | |c BK | ||
| 945 | |d 19940906 00:00:00 |a oaravena | ||
| 260 | |a Madrid |b Libertarias |c 1991 | ||
| 650 | 0 | |a Productores y directores de cine |9 266427 | |
| 650 | 0 | |a Biografías |9 255210 | |
| 583 | |a last modification |c 19940906 00:00:00 |k Rodrigo Vera | ||
| 490 | 0 | |a Biblioteca libertarias, 2 | |
| 999 | |c 230202 |d 230200 | ||
| 952 | |0 0 |1 0 |4 0 |6 791_430900000000000_MIN_1991 |7 0 |8 R |9 232256 |a BIBART |b BIBART |d 2019-11-15 |i 3009602 |o 791.4309 MIN 1991 |p 3009602 |r 2025-03-13 |w 2019-11-15 |y BK_R |k ART | ||